Estatísticas para Nomeie um País das Américas de A-Z

Clique aqui para jogar o quiz

Estatísticas Gerais

  • Esse quiz foi jogado 411 vezes
  • A pontuação média é 13 de 16

Estatísticas das Respostas

LetraPaís% Correto
BBolívia / Brasil / Bahamas / Barbados / Belize
99%
CCanada / Chile / Colômbia / Costa Rica / Cuba
99%
AArgentina / Antígua e Barbuda
95%
EEquador / Estados Unidos / El Salvador
94%
GGuiana / Granada / Guatemala
91%
HHaiti / Honduras
90%
PParaguai / Peru / Panamá
89%
JJamaica
84%
MMéxico
76%
SSuriname / Santa Lúcia / São Crístovão e Nevis / São Vicente e Granadinas
76%
NNicaragua
73%
UUruguai
73%
VVenezuela
73%
DDominica
72%
TTrinidad e Tobago
56%
RRepública Dominicana
44%

Distribuição das Pontuações

Percentil de Números Respondidos

Porcentagem de Pessoas com Cada Pontuação

Sua Pontuação Histórica

Você não jogou esse quiz